| 000 | 00405pam a2200157 a 4500 | ||
|---|---|---|---|
| 020 | _a0314852778 : | ||
| 040 | _cDLC | ||
| 082 | 0 | 0 | _a519 WES 1985 A008 Or. |
| 100 | 1 | _aMcGhee, John W. | |
| 245 | 1 | 0 | _aIntroductory statistics / |
| 260 |
_aSt. Paul : _bWest Pub. Co., _cc1985. |
||
| 300 |
_axiii, 619 p. : _bill. (some col.) ; _c26 cm. |
||
| 500 | _aIncludes index. | ||
| 650 | 0 | _aStatistics. | |
| 942 | _cEK | ||
| 999 |
_c17104 _d17104 |
||